<?xml version="1.0" encoding="UTF-8"?>
<record
    xmlns:xsi="http://www.w3.org/2001/XMLSchema-instance"
    xsi:schemaLocation="http://www.loc.gov/MARC21/slim http://www.loc.gov/standards/marcxml/schema/MARC21slim.xsd"
    xmlns="http://www.loc.gov/MARC21/slim">

  <leader>02330nam0a2200421   4500</leader>
  <controlfield tag="001">RU\NLR\bibl\1656805</controlfield>
  <controlfield tag="005">20260405174326.0</controlfield>
  <datafield tag="010" ind1=" " ind2=" ">
    <subfield code="a">978-5-222-17423-4</subfield>
    <subfield code="9">3000</subfield>
  </datafield>
  <datafield tag="021" ind1=" " ind2=" ">
    <subfield code="a">RU</subfield>
    <subfield code="b">2010-44993</subfield>
    <subfield code="9">3011</subfield>
  </datafield>
  <datafield tag="035" ind1=" " ind2=" ">
    <subfield code="a">(nilc)RSL-KNO-004661010</subfield>
  </datafield>
  <datafield tag="035" ind1=" " ind2=" ">
    <subfield code="a">(NLR Aleph) 001648105</subfield>
  </datafield>
  <datafield tag="090" ind1=" " ind2=" ">
    <subfield code="a">904336</subfield>
    <subfield code="c">904336</subfield>
  </datafield>
  <datafield tag="100" ind1=" " ind2=" ">
    <subfield code="a">20100622d2010    |||y0rusy50      ca</subfield>
  </datafield>
  <datafield tag="101" ind1="0" ind2=" ">
    <subfield code="a">rus</subfield>
  </datafield>
  <datafield tag="102" ind1=" " ind2=" ">
    <subfield code="a">RU</subfield>
  </datafield>
  <datafield tag="105" ind1=" " ind2=" ">
    <subfield code="a">y   |||||||||</subfield>
  </datafield>
  <datafield tag="200" ind1="1" ind2=" ">
    <subfield code="a">&#x412;&#x441;&#x435; &#x43F;&#x440;&#x430;&#x432;&#x438;&#x43B;&#x430; &#x440;&#x443;&#x441;&#x441;&#x43A;&#x43E;&#x433;&#x43E; &#x44F;&#x437;&#x44B;&#x43A;&#x430;</subfield>
    <subfield code="e">[&#x441;&#x43F;&#x440;&#x430;&#x432;&#x43E;&#x447;&#x43D;&#x438;&#x43A;]</subfield>
    <subfield code="f">&#x413;&#x430;&#x439;&#x431;&#x430;&#x440;&#x44F;&#x43D; &#x41E;. &#x415;., &#x41A;&#x443;&#x437;&#x43D;&#x435;&#x446;&#x43E;&#x432;&#x430; &#x410;. &#x412;.</subfield>
  </datafield>
  <datafield tag="205" ind1=" " ind2=" ">
    <subfield code="a">&#x418;&#x437;&#x434;. 13-&#x435;</subfield>
  </datafield>
  <datafield tag="210" ind1=" " ind2=" ">
    <subfield code="a">&#x420;&#x43E;&#x441;&#x442;&#x43E;&#x432;-&#x43D;&#x430;-&#x414;&#x43E;&#x43D;&#x443;</subfield>
    <subfield code="c">&#x424;&#x435;&#x43D;&#x438;&#x43A;&#x441;</subfield>
    <subfield code="d">2010</subfield>
  </datafield>
  <datafield tag="215" ind1=" " ind2=" ">
    <subfield code="a">252, [1] &#x441;.</subfield>
    <subfield code="d">21</subfield>
  </datafield>
  <datafield tag="225" ind1="1" ind2=" ">
    <subfield code="a">&#x421;&#x435;&#x440;&#x438;&#x44F; "&#x417;&#x434;&#x440;&#x430;&#x432;&#x441;&#x442;&#x432;&#x443;&#x439;, &#x448;&#x43A;&#x43E;&#x43B;&#x430;!"</subfield>
  </datafield>
  <datafield tag="300" ind1=" " ind2=" ">
    <subfield code="a">&#x41D;&#x430; &#x43E;&#x431;&#x43B;. &#x430;&#x432;&#x442;. &#x43D;&#x435; &#x443;&#x43A;&#x430;&#x437;&#x430;&#x43D;&#x44B;</subfield>
  </datafield>
  <datafield tag="320" ind1=" " ind2=" ">
    <subfield code="a">&#x411;&#x438;&#x431;&#x43B;&#x438;&#x43E;&#x433;&#x440;.: &#x441;. 248</subfield>
  </datafield>
  <datafield tag="606" ind1="1" ind2=" ">
    <subfield code="a">&#x420;&#x443;&#x441;&#x441;&#x43A;&#x438;&#x439; &#x44F;&#x437;&#x44B;&#x43A;</subfield>
    <subfield code="j">&#x423;&#x447;&#x435;&#x431;&#x43D;&#x44B;&#x435; &#x438;&#x437;&#x434;&#x430;&#x43D;&#x438;&#x44F; &#x434;&#x43B;&#x44F; &#x441;&#x440;&#x435;&#x434;&#x43D;&#x435;&#x439; &#x448;&#x43A;&#x43E;&#x43B;&#x44B;</subfield>
    <subfield code="x">&#x41E;&#x440;&#x444;&#x43E;&#x433;&#x440;&#x430;&#x444;&#x438;&#x44F;</subfield>
    <subfield code="9">1542748</subfield>
    <subfield code="3">RU\NLR\auth\66973961</subfield>
  </datafield>
  <datafield tag="606" ind1="1" ind2=" ">
    <subfield code="a">&#x420;&#x443;&#x441;&#x441;&#x43A;&#x438;&#x439; &#x44F;&#x437;&#x44B;&#x43A;</subfield>
    <subfield code="j">&#x423;&#x447;&#x435;&#x431;&#x43D;&#x44B;&#x435; &#x438;&#x437;&#x434;&#x430;&#x43D;&#x438;&#x44F; &#x434;&#x43B;&#x44F; &#x441;&#x440;&#x435;&#x434;&#x43D;&#x435;&#x439; &#x448;&#x43A;&#x43E;&#x43B;&#x44B;</subfield>
    <subfield code="x">&#x41F;&#x443;&#x43D;&#x43A;&#x442;&#x443;&#x430;&#x446;&#x438;&#x44F;</subfield>
    <subfield code="9">1553672</subfield>
    <subfield code="3">RU\NLR\auth\66979547</subfield>
  </datafield>
  <datafield tag="610" ind1="0" ind2=" ">
    <subfield code="a">&#x424;&#x438;&#x43B;&#x43E;&#x43B;&#x43E;&#x433;&#x438;&#x447;&#x435;&#x441;&#x43A;&#x438;&#x435; &#x43D;&#x430;&#x443;&#x43A;&#x438;. &#x425;&#x443;&#x434;&#x43E;&#x436;&#x435;&#x441;&#x442;&#x432;&#x435;&#x43D;&#x43D;&#x430;&#x44F; &#x43B;&#x438;&#x442;&#x435;&#x440;&#x430;&#x442;&#x443;&#x440;&#x430; -- &#x42F;&#x437;&#x44B;&#x43A;&#x43E;&#x437;&#x43D;&#x430;&#x43D;&#x438;&#x435; -- &#x418;&#x43D;&#x434;&#x43E;&#x435;&#x432;&#x440;&#x43E;&#x43F;&#x435;&#x439;&#x441;&#x43A;&#x438;&#x435; &#x44F;&#x437;&#x44B;&#x43A;&#x438; -- &#x421;&#x43B;&#x430;&#x432;&#x44F;&#x43D;&#x441;&#x43A;&#x438;&#x435; &#x44F;&#x437;&#x44B;&#x43A;&#x438; -- &#x412;&#x43E;&#x441;&#x442;&#x43E;&#x447;&#x43D;&#x43E;&#x441;&#x43B;&#x430;&#x432;&#x44F;&#x43D;&#x441;&#x43A;&#x438;&#x435; &#x44F;&#x437;&#x44B;&#x43A;&#x438; -- &#x420;&#x443;&#x441;&#x441;&#x43A;&#x438;&#x439; &#x44F;&#x437;&#x44B;&#x43A; -- &#x41F;&#x440;&#x435;&#x43F;&#x43E;&#x434;&#x430;&#x432;&#x430;&#x43D;&#x438;&#x435; &#x438; &#x43C;&#x435;&#x442;&#x43E;&#x434;&#x438;&#x43A;&#x430; &#x438;&#x437;&#x443;&#x447;&#x435;&#x43D;&#x438;&#x44F; &#x44F;&#x437;&#x44B;&#x43A;&#x430; -- &#x423;&#x447;&#x435;&#x431;&#x43D;&#x438;&#x43A;&#x438; &#x438; &#x443;&#x447;&#x435;&#x431;&#x43D;&#x44B;&#x435; &#x43F;&#x43E;&#x441;&#x43E;&#x431;&#x438;&#x44F; &#x43F;&#x43E; &#x43E;&#x442;&#x434;&#x435;&#x43B;&#x44C;&#x43D;&#x44B;&#x43C; &#x430;&#x441;&#x43F;&#x435;&#x43A;&#x442;&#x430;&#x43C; &#x44F;&#x437;&#x44B;&#x43A;&#x430; -- &#x423;&#x447;&#x435;&#x431;&#x43D;&#x438;&#x43A;&#x438; &#x438; &#x43F;&#x43E;&#x441;&#x43E;&#x431;&#x438;&#x44F; &#x43F;&#x43E; &#x433;&#x440;&#x430;&#x43C;&#x43C;&#x430;&#x442;&#x438;&#x43A;&#x435;, &#x43E;&#x440;&#x444;&#x43E;&#x433;&#x440;&#x430;&#x444;&#x438;&#x438; &#x438; &#x43F;&#x443;&#x43D;&#x43A;&#x442;&#x443;&#x430;&#x446;&#x438;&#x438; -- &#x41E;&#x440;&#x444;&#x43E;&#x433;&#x440;&#x430;&#x444;&#x438;&#x44F; -- &#x421;&#x43F;&#x440;&#x430;&#x432;&#x43E;&#x447;&#x43D;&#x44B;&#x435; &#x438;&#x437;&#x434;&#x430;&#x43D;&#x438;&#x44F;</subfield>
  </datafield>
  <datafield tag="686" ind1=" " ind2=" ">
    <subfield code="a">&#x428;141.2-932.81&#x44F;2</subfield>
    <subfield code="2">rubbk</subfield>
  </datafield>
  <datafield tag="686" ind1=" " ind2=" ">
    <subfield code="a">&#x428;141.12-922-81</subfield>
  </datafield>
  <datafield tag="686" ind1=" " ind2=" ">
    <subfield code="a">&#x428;141.12-922-227</subfield>
  </datafield>
  <datafield tag="700" ind1=" " ind2="1">
    <subfield code="a">&#x413;&#x430;&#x439;&#x431;&#x430;&#x440;&#x44F;&#x43D;</subfield>
    <subfield code="b">&#x41E;. &#x415;.</subfield>
    <subfield code="g">&#x41E;&#x43B;&#x44C;&#x433;&#x430; &#x415;&#x440;&#x432;&#x430;&#x43D;&#x434;&#x43E;&#x432;&#x43D;&#x430;</subfield>
    <subfield code="4">070</subfield>
  </datafield>
  <datafield tag="701" ind1=" " ind2="1">
    <subfield code="4">070</subfield>
    <subfield code="8">rus</subfield>
    <subfield code="7">ca</subfield>
    <subfield code="a">&#x41A;&#x443;&#x437;&#x43D;&#x435;&#x446;&#x43E;&#x432;&#x430;</subfield>
    <subfield code="b">&#x410;. &#x412;.</subfield>
    <subfield code="c">&#x444;&#x438;&#x43B;&#x43E;&#x43B;&#x43E;&#x433;</subfield>
    <subfield code="g">&#x410;&#x43B;&#x435;&#x43A;&#x441;&#x430;&#x43D;&#x434;&#x440;&#x430; &#x412;&#x43B;&#x430;&#x434;&#x438;&#x43C;&#x438;&#x440;&#x43E;&#x432;&#x43D;&#x430;</subfield>
    <subfield code="3">RU\NLR\auth\7775585</subfield>
    <subfield code="9">58513</subfield>
  </datafield>
  <datafield tag="801" ind1=" " ind2="0">
    <subfield code="a">RU</subfield>
    <subfield code="b">&#x420;&#x413;&#x411;</subfield>
    <subfield code="c">20100622</subfield>
    <subfield code="g">rcr</subfield>
  </datafield>
  <datafield tag="801" ind1=" " ind2="1">
    <subfield code="a">RU</subfield>
    <subfield code="b">&#x420;&#x413;&#x411;</subfield>
    <subfield code="c">20100622</subfield>
  </datafield>
  <datafield tag="801" ind1=" " ind2="2">
    <subfield code="a">RU</subfield>
    <subfield code="b">NLR</subfield>
    <subfield code="c">20100720</subfield>
    <subfield code="g">rcr</subfield>
  </datafield>
  <datafield tag="830" ind1=" " ind2=" ">
    <subfield code="a">&#x43F;&#x43E; &#x43A;&#x43D;</subfield>
  </datafield>
  <datafield tag="942" ind1=" " ind2=" ">
    <subfield code="c">BOOK</subfield>
  </datafield>
  <datafield tag="980" ind1=" " ind2=" ">
    <subfield code="a">NB</subfield>
  </datafield>
  <datafield tag="995" ind1=" " ind2=" ">
    <subfield code="5">2010-07-20</subfield>
    <subfield code="a">ad</subfield>
    <subfield code="b">NLR01</subfield>
    <subfield code="c">NLR01</subfield>
    <subfield code="e">RF8</subfield>
    <subfield code="f">3216191</subfield>
    <subfield code="k">2010-3/24601</subfield>
    <subfield code="o">0</subfield>
    <subfield code="r">BOOK</subfield>
    <subfield code="s">2010324601_</subfield>
  </datafield>
  <datafield tag="995" ind1=" " ind2=" ">
    <subfield code="5">2010-07-20</subfield>
    <subfield code="a">ad</subfield>
    <subfield code="b">NLR01</subfield>
    <subfield code="c">NLR01</subfield>
    <subfield code="e">OBM</subfield>
    <subfield code="f">3216192</subfield>
    <subfield code="o">0</subfield>
    <subfield code="r">BOOK</subfield>
  </datafield>
</record>
